|
|
|
|
| LEADER |
00000cam a2200000 a 4500 |
| 001 |
vtls011551108 |
| 003 |
SK-MaSNL |
| 005 |
20260301040851.0 |
| 008 |
240318s2002 xo a f 000 0 slo |
| 020 |
|
|
|q (brožované)
|
| 040 |
|
|
|a SNK
|b slo
|c SNK
|e AACR2
|
| 041 |
|
|
|a slo
|
| 044 |
|
|
|a xo
|c SK
|
| 072 |
|
7 |
|a 004.7
|x Počítačové siete
|2 konspekt
|
| 080 |
|
|
|a (035)
|2 2011
|
| 080 |
|
|
|a 004.738.5
|2 2011
|
| 080 |
|
|
|a 004.775
|2 2011
|
| 100 |
1 |
|
|a Čermák, Miloš
|4 aut
|9 279006
|
| 245 |
1 |
0 |
|a Internet ľavou zadnou
|b na Internete ako doma v deviatich krátkych kapitolách
|c Miloš Čermák ; [dizajn a kresby Luděk Bárta]
|
| 260 |
|
|
|a Bratislava
|b ATLAS.SK
|c 2002
|
| 300 |
|
|
|a 43 s.
|b ilustr.
|c 22 cm x 22 cm
|
| 650 |
0 |
7 |
|a internet
|2 SNKPH
|9 1833
|
| 650 |
0 |
7 |
|a webové stránky
|2 SNKPH
|9 2008
|
| 650 |
0 |
7 |
|a The Internet
|2 SNKPHeng
|9 305783
|
| 650 |
0 |
7 |
|a Web sites
|2 SNKPHeng
|9 137179
|
| 655 |
|
7 |
|a príručky
|2 SNKPH
|9 74364
|
| 655 |
|
7 |
|a Handbooks, manuals, etc.
|2 SNKPHeng
|9 90964
|
| 700 |
1 |
|
|a Bárta, Luděk,
|d 1961-
|4 ill
|9 136311
|
| 999 |
|
|
|c 587014
|d 588944
|
| 952 |
|
|
|a SNK
|b SNK
|y PREZ
|7 0
|p 17A1124747
|o snkOSC 27527
|i snk2016/11911
|8 1
|0 0
|1 0
|4 0
|d 2016-05-09
|l 0
|r 2026-02-23 15:12:45
|w 2026-02-23
|
| 952 |
|
|
|a SNK
|b SNK
|y VYP
|7 0
|p 17A1124746
|o snkOSC 27527 D1
|i snk2016/11912
|8 1
|0 0
|1 0
|4 0
|d 2016-05-09
|l 0
|r 2026-02-23 15:12:45
|w 2026-02-23
|